000
00220nam a2200097Ia 4500
005
20251222114341.0
008
251222s1900||||xx |||||||||||||| ||spa||
082
_a
DVD0090/V19/2003
245
0
_a
Buscando el Azul:
942
_c
DVD
999
_c
864
_d
864